| 000 | 00457nam a2200181Ia 4500 | ||
|---|---|---|---|
| 003 | GCL | ||
| 008 | 140319s9999 xx 000 0 eng d | ||
| 040 |
_aGCL / _cGCL |
||
| 082 | 0 | 4 |
_a739.48 _bS O |
| 100 | 1 | _aSAUTH WORTH, MICHAEL | |
| 245 | 1 | 0 |
_aORNAMENTAL IRON WORK / _cSAUTH WORTH, MICHAEL |
| 700 | 1 | _aSAUTH WORTH, SUSAN | |
| 260 |
_a[S.N] : _bMEGRAW-HILL, JNC. ، _c1992 |
||
| 650 | 0 | 4 | _aMETALS |
| 650 | 0 | 4 | _aIRON |
| 650 | 0 | 4 | _aACTS |
| 942 |
_2ddc _cBK |
||
| 999 |
_c17784 _d17784 |
||